000 00643nam a2200217 a 4500
001 000022003
005 20200930011534.0
008 100915s1971 sp 000 0 spa d
040 _aDO-SdBNP
_bspa
_cBNPHU
082 _a922.473
_bK52M
100 1 _aMolina, Juan.
_945610
245 1 0 _aMartin Luther King /
_cJuan Molina.
260 _aMadrid :
_bDoncel,
_c1971.
300 _a156 p. ;
_c18 cm.
490 1 _aLibro Joven de Bolsillo
586 _a"Premio Doncel de Biografía 1970".
600 4 _aKING, MARTIN LUTHER,
_d1929-1968
_945611
650 4 _aLíderes obreros
_945612
830 0 _aLibro Joven de Bolsillo
_913001
049 _aBNGR
999 _c21501
_d21501